000 00487nam a2200181 4500
003 SEACOMEC
005 20240823125509.0
008 240807b |||||||| |||| 00| 0 eng d
020 _a0387984917
040 _aSEACOMEC
082 _a511.5
_bB692
100 _a Bollobas, Bela.
245 _aModern graph theory/
_cBela Bollobas.
260 _aNew Delhi
_bSpringer,
_c2005
300 _axiii, 394 p. : ill. ; 25 cm.
440 _a Graduate texts in mathematics, 184.
942 _cBOOK
999 _c1535
_d1535